000 04543nam a22004697a 4500
005 20110628104948.0
010 _aENG-102860 B-447882-900
020 _a9788190774628
_c250.00
035 _aEN-86393 B-447882-900
037 _bDBAD/PUB
037 _bK.K.Pub/Ven
082 _a004.678
100 _aDhunna, Mukesh
_944801
245 _aComputer networks and internet /
_cby Mukesh Dhunna [and] Deepak Verma
_b
260 _aNew Delhi
_bVayu Education of India
_c2009
270 _a2/25, Ansari Road, Darya Ganj
_bNew Delhi
_e110002
300 2 _axiii,353p.
_c24cm (pbk)
500 _aIncludes index
700 _928907
_aVerma,Deepak
942 _2ddc
_cEN
_mDHU
_h004.678
999 _c53374
_d53374